[Event "Moscow RUS"]
[Site "?"]
[Date "2005.02.22"]
[Round "8"]
[White "Nisipeanu Liviu-Dieter"]
[Black "Asrian Karen"]
[Result "1/2-1/2"]
[WhiteElo "2673"]
[BlackElo "2602"]
[PlyCount "80"]
[EventDate "2005.??.??"]
[Source "www.chesslib.no"]
[SourceDate "2004.05.04"]

1. e4 e6 2. d4 d5 3. Nc3 Bb4 4. Nge2 dxe4 5. a3 Be7 6. Nxe4 Nf6 7. N2g3 Nxe4 8. Nxe4 Nc6 9. Be3 O-O 10. f4 b6 11. c3 Bb7 12. Bd3 Bh4+ 13. g3 f5 14. Nf2 Bf6 15. Qe2 Kh8 16. Rg1 Ne7 17. O-O-O Qd6 18. Bc2 a5 19. g4 Nd5 20. Nd3 Ba6 21. g5 Be7 22. Qf2 b5 23. Ne5 b4 24. axb4 axb4 25. c4 b3 26. Bxb3 Qb4 27. Rd3 Qb7 28. Bd2 Nb4 29. Bxb4 Qxb4 30. Rh3 Bb7 31. d5 Kg8 32. Kc2 g6 33. Qh4 h5 34. Nxg6 Bxd5 35. cxd5 Qe4+ 36. Rd3 Qe2+ 37. Rd2 Qe4+ 38. Rd3 Qe2+ 39. Rd2 Qe4+ 40. Rd3 Qe2+ 1/2-1/2

[Event "EUCup 18th"]
[Site "?"]
[Date "2002.09.23"]
[Round "2"]
[White "Degraeve Jean-Marc"]
[Black "Lputian Smbat G"]
[Result "1/2-1/2"]
[WhiteElo "2586"]
[BlackElo "2634"]
[PlyCount "83"]
[EventDate "2002.??.??"]
[Source "www.chesslib.no"]
[SourceDate "2004.05.04"]

1. e4 e6 2. d4 d5 3. Nc3 Bb4 4. Nge2 dxe4 5. a3 Be7 6. Nxe4 Nf6 7. N2g3 Nc6 8. c3 Nxe4 9. Nxe4 Qd5 10. Qf3 O-O 11. Bf4 Qb3 12. Rb1 e5 13. dxe5 Qe6 14. Qg3 Bd6 15. Be2 Bxe5 16. O-O Re8 17. Bxe5 Qxe5 18. Qxe5 Nxe5 19. Rbd1 Bf5 20. Ng3 Bc2 21. Rd4 Rad8 22. Rc1 Bb3 23. Kf1 c5 24. Re4 Kf8 25. Re1 Bc2 26. Re3 Nd3 27. Bxd3 Bxd3+ 28. Kg1 Rxe3 29. fxe3 Bc4 30. Nf1 Ke7 31. e4 Ke6 32. Ne3 Bb3 33. Kf2 Ke5 34. Kf3 Rd2 35. Re2 Rxe2 36. Ng4+ Ke6 37. Kxe2 Bc2 38. Kf3 Bxe4+ 39. Kxe4 f5+ 40. Kf4 fxg4 41. c4 Kf6 42. g3 1/2-1/2

[Event "Novosibirsk"]
[Site "Novosibirsk"]
[Date "1995.??.??"]
[Round "9"]
[White "Kharlov, Andrei"]
[Black "Beliavsky, Alexander G"]
[Result "1-0"]
[WhiteElo "2555"]
[BlackElo "2650"]
[PlyCount "41"]
[EventDate "1995.10.??"]
[Source "ChessBase"]

1. e4 e6 2. d4 d5 3. Nc3 Bb4 4. Nge2 dxe4 5. a3 Be7 6. Nxe4 b6 7. N2c3 Bb7 8. Qf3 Kf8 9. Qg3 Nc6 10. Be3 Bh4 11. Qf4 g5 12. Nxg5 Bxg5 13. Qxg5 Qxg5 14. Bxg5 Nxd4 15. O-O-O c5 16. Nb5 e5 17. Nxd4 exd4 18. c3 dxc3 19. bxc3 Kg7 20. Bc4 b5 21. Bxb5 1-0

[Event "Tch-BIH"]
[Site "Neum"]
[Date "2004.06.02"]
[Round "5"]
[White "Ivanisevic, Ivan"]
[Black "Nikolic, Predrag"]
[Result "0-1"]
[WhiteElo "2550"]
[BlackElo "2648"]
[PlyCount "76"]
[EventDate "2004.05.29"]
[Source "Roberto Alvarez"]
[SourceDate "2004.06.07"]

1. e4 e6 2. d4 d5 3. Nc3 Bb4 4. Nge2 dxe4 5. a3 Be7 6. Nxe4 Nf6 7. Qd3 Nxe4 8. Qxe4 Qd5 9. Qg4 O-O 10. Nc3 Qd8 11. Bh6 Bf6 12. O-O-O e5 13. Qg3 exd4 14. Ne4 Bf5 15. Nxf6+ Qxf6 16. Bg5 Qg6 17. Rxd4 Nc6 18. Rd2 Rfe8 19. Be3 Qe6 20. Kb1 Ne5 21. Bd4 Bg6 22. Bc3 c5 23. h4 f6 24. Bb5 Red8 25. Rhd1 Rxd2 26. Rxd2 a6 27. Be2 Re8 28. Qf4 b5 29. h5 Bf7 30. b3 h6 31. g4 Qc6 32. Qg3 c4 33. f4 Nd7 34. g5 hxg5 35. fxg5 cxb3 36. cxb3 fxg5 37. Kb2 Nf6 38. Qxg5 Qxc3+ 0-1

[Event "Wijk aan Zee II 86/300"]
[Site "?"]
[Date "2003.??.??"]
[Round "?"]
[White "Rogers, I."]
[Black "Zhang, Zhong"]
[Result "1-0"]
[WhiteElo "2572"]
[BlackElo "2624"]
[PlyCount "81"]
[EventDate "2003.??.??"]
[Source "Chess Informant"]
[SourceDate "2002.10.01"]

1. e4 e6 2. d4 d5 3. Nc3 Bb4 4. Nge2 dxe4 5. a3 Be7 6. Nxe4 Nf6 7. N2g3 O-O 8. c3 Nbd7 9. Bd3 e5 10. Nxf6+ Bxf6 11. d5 Nc5 12. Bc2 b6 13. O-O Ba6 14. Re1 g6 15. Bh6 Re8 16. b4 Nb7 17. Ba4 b5 18. Bb3 Nd6 19. a4 e4 20. Rc1 bxa4 21. Bxa4 Re7 22. Bc6 Rb8 23. Be3 Bd3 24. Bxa7 Ra8 25. Bxa8 Qxa8 26. Be3 Qxd5 27. f3 Qc4 28. fxe4 Nxe4 29. Nxe4 Rxe4 30. Bc5 Be2 31. Qd2 h6 32. Bd4 Bg5 33. Ra1 Kf8 34. Ra8+ Ke7 35. Qc2 Qe6 36. Ra6 c6 37. Ra7+ Ke8 38. Bc5 f5 39. Rea1 Be3+ 40. Bxe3 Rxe3 41. Qd2 1-0

[Event "Calviá ol (Men)"]
[Site "Mallorca"]
[Date "2004.10.28"]
[Round "13.4"]
[White "Degraeve, Jean Marc"]
[Black "Vaganian, Rafael A"]
[Result "1/2-1/2"]
[WhiteElo "2551"]
[BlackElo "2640"]
[PlyCount "107"]
[EventDate "2004.10.15"]
[Source "Roberto Alvarez"]
[SourceDate "2004.10.25"]

1. e4 e6 2. d4 d5 3. Nc3 Bb4 4. Nge2 dxe4 5. a3 Be7 6. Nxe4 Nf6 7. N2g3 Nxe4 8. Nxe4 Nc6 9. c3 Qd5 10. Qf3 Bd7 11. Bd3 O-O-O 12. Ng5 Bxg5 13. Qxd5 exd5 14. Bxg5 Rde8+ 15. Kd2 Na5 16. Rae1 h6 17. Bf4 Ba4 18. Kc1 Nc4 19. h4 a5 20. f3 Bb5 21. Bg3 a4 22. Bxc4 Bxc4 23. Rxe8+ Rxe8 24. Re1 Rxe1+ 25. Bxe1 Bf1 26. g3 Bg2 27. f4 Kd7 28. Kd2 h5 29. Ke3 Ke6 30. Bd2 Kf5 31. Bc1 Be4 32. Bd2 Bg2 33. Bc1 Bf1 34. Bd2 b6 35. Bc1 f6 36. Bd2 Bb5 37. Bc1 Be8 38. Bd2 Bg6 39. Bc1 Ke6 40. Bd2 Kd7 41. Be1 Bb1 42. Bf2 Kd6 43. Be1 Kc6 44. Bf2 Kb5 45. Kd2 Kc4 46. Bg1 Bf5 47. Bf2 c5 48. Bg1 cxd4 49. Bxd4 b5 50. Bb6 Kb3 51. Kc1 Kc4 52. Kd2 Bd3 53. Bd8 Bf1 54. Be7 1/2-1/2

[Event "Ch Spain (team) (Honor Gr.1)"]
[Site "Lugo (Spain)"]
[Date "2007.06.24"]
[Round "5"]
[White "Czarnota Pawel (POL)"]
[Black "Bauer Christian (FRA)"]
[Result "0-1"]
[WhiteElo "2562"]
[BlackElo "2629"]
[PlyCount "90"]
[EventDate "2007.??.??"]
[Source "www.chesslib.no"]
[SourceDate "2004.05.04"]

1. e4 e6 2. d4 d5 3. Nc3 Bb4 4. Nge2 dxe4 5. a3 Be7 6. Nxe4 Nf6 7. N2g3 Nc6 8. c3 e5 9. Nxf6+ Bxf6 10. d5 Ne7 11. c4 O-O 12. Be2 Ng6 13. O-O Be7 14. b4 a5 15. Rb1 axb4 16. axb4 b6 17. Qc2 Kh8 18. Rd1 Bd7 19. Re1 f5 20. Bf1 e4 21. Bd2 Bf6 22. Bc3 Nh4 23. Ra1 Qe7 24. Qb2 Bxc3 25. Qxc3 Rxa1 26. Rxa1 f4 27. Ne2 Qg5 28. Ra7 e3 29. fxe3 fxe3 30. Ng3 Qf4 31. Qxg7+ Kxg7 32. Nh5+ Kh6 33. Nxf4 Rxf4 34. Rxc7 Bg4 35. Re7 Nf5 36. Re6+ Kg5 37. Re8 e2 38. Bxe2 Bxe2 39. Rxe2 Rxc4 40. h3 h5 41. Re6 b5 42. d6 Rd4 43. Re5 Kf4 44. Rxb5 Ng3 45. Kf2 Rd1 0-1

[Event "Sigeman & Co"]
[Site "Malmo"]
[Date "2002.06.11"]
[Round "6"]
[White "Berg, Emanuel"]
[Black "Short, Nigel D"]
[Result "0-1"]
[WhiteElo "2514"]
[BlackElo "2673"]
[PlyCount "98"]
[EventDate "2002.06.06"]
[Source "ChessBase"]
[SourceDate "2002.09.20"]

1. e4 e6 2. d4 d5 3. Nc3 Bb4 4. Nge2 Nc6 5. a3 Ba5 6. Be3 Nge7 7. e5 O-O 8. Ng3 f6 9. f4 fxe5 10. fxe5 Bd7 11. Qg4 Nf5 12. Nxf5 exf5 13. Qf3 Be6 14. Bb5 Bxc3+ 15. bxc3 f4 16. Bf2 Qd7 17. O-O Nxd4 18. cxd4 Qxb5 19. Rab1 Qc6 20. Qb3 b6 21. Qb5 Qxb5 22. Rxb5 h6 23. Be1 g5 24. Bd2 Kg7 25. Rb3 c5 26. h4 cxd4 27. hxg5 hxg5 28. g3 Rac8 29. gxf4 g4 30. Rd3 Rc4 31. Bb4 Rf7 32. Rf2 Kg6 33. Bd6 Kf5 34. Kg2 Rh7 35. Rfd2 Kxf4 36. Rxd4+ Rxd4 37. Rxd4+ Ke3 38. Rd3+ Ke4 39. a4 d4 40. a5 bxa5 41. Ra3 Rb7 42. Rxa5 Rb2 43. Kg3 Rxc2 44. Rxa7 Rc3+ 45. Kg2 d3 46. Ra1 d2 47. Rd1 Kd3 48. Bb4 Ke2 49. Rf1 Bd5+ 0-1

[Event "Campionato europeo 2007"]
[Site "Dresda GER"]
[Date "2007.04.03"]
[Round "1"]
[White "Nisipeanu, Liviu Dieter"]
[Black "Williams, Simon"]
[Result "1-0"]
[WhiteElo "2693"]
[BlackElo "2487"]
[PlyCount "166"]
[EventDate "2007.04.03"]
[Source "www.chesslib.no"]
[SourceDate "2004.05.04"]

1. e4 e6 2. d4 d5 3. Nc3 Bb4 4. Nge2 Nc6 5. a3 Ba5 6. Qd3 dxe4 7. Qg3 Nf6 8. Bg5 h6 9. Bxf6 Qxf6 10. O-O-O Bxc3 11. Nxc3 Qg5+ 12. Qxg5 hxg5 13. Nxe4 g4 14. Bb5 Bd7 15. Nc5 O-O-O 16. Be2 b6 17. Nxd7 Rxd7 18. c3 f5 19. f3 gxf3 20. Bxf3 Nd8 21. Rde1 g5 22. g4 c6 23. Re5 Rf7 24. Bd1 Rh4 25. gxf5 Rxf5 26. Ree1 Kd7 27. h3 Kd6 28. Re3 Rhf4 29. Rhe1 Rf1 30. Bg4 Rxe1+ 31. Rxe1 Rf6 32. Rg1 e5 33. dxe5+ Kxe5 34. Re1+ Kf4 35. Rf1+ Ke5 36. Re1+ Kf4 37. Re7 a5 38. b4 axb4 39. cxb4 Nf7 40. Re1 Kg3 41. Re6 Rxe6 42. Bxe6 Nd6 43. a4 Kf4 44. Bd7 c5 45. bxc5 bxc5 46. a5 Nc4 47. a6 Nb6 48. a7 Ke3 49. Kc2 Kd4 50. Kb3 Kd3 51. Bc6 Kd2 52. Bb5 Ke3 53. Kc3 Ke4 54. Bc6+ Ke3 55. Bb5 Ke4 56. Kd2 Kd4 57. Ke2 Ke4 58. Bc6+ Kf4 59. Kd3 Kg3 60. Bd7 Kf3 61. Be6 Kf4 62. Bg4 Ke5 63. Ke3 Kd5 64. Bf3+ Ke5 65. Be2 Nd5+ 66. Kf3 Nb6 67. Kg4 Kf6 68. Bd3 Na8 69. Kh5 Nb6 70. Kh6 Na8 71. Kh7 Nb6 72. Kg8 Na8 73. Kf8 Nb6 74. Bb5 Ke6 75. Kg7 Kf5 76. Kf7 Ke5 77. Ba6 Na8 78. Ke7 Nb6 79. Kd8 Kd6 80. Bb5 c4 81. Bxc4 Kc6 82. Ba6 Na8 83. Bf1 Kd5 1-0

[Event "Hoogovens"]
[Site "Wijk aan Zee"]
[Date "1982.??.??"]
[Round "?"]
[White "Kavalek, Lubomir"]
[Black "Huebner, Robert"]
[Result "1/2-1/2"]
[WhiteElo "2560"]
[BlackElo "2620"]
[PlyCount "31"]
[EventDate "1982.01.??"]
[Source "ChessBase"]

1. e4 e6 2. d4 d5 3. Nc3 Bb4 4. Nge2 dxe4 5. a3 Be7 6. Nxe4 Nf6 7. Qd3 O-O 8. Bf4 Nbd7 9. O-O-O b6 10. N2c3 Bb7 11. Be2 Nxe4 12. Nxe4 Nf6 13. Bf3 Nxe4 14. Bxe4 Bxe4 15. Qxe4 Bg5 16. Kb1 1/2-1/2

[Event "CERA Bank op"]
[Site "?"]
[Date "1998.??.??"]
[Round "?"]
[White "Zelcic Robert"]
[Black "Jussupow Artur"]
[Result "1-0"]
[WhiteElo "2540"]
[BlackElo "2630"]
[PlyCount "67"]
[EventDate "1998.??.??"]
[Source "www.chesslib.no"]
[SourceDate "2004.05.04"]

1. e4 e6 2. d4 d5 3. Nc3 Bb4 4. Nge2 dxe4 5. a3 Be7 6. Nxe4 Nc6 7. g3 Nf6 8. Bg2 O-O 9. O-O a5 10. c4 Nxe4 11. Bxe4 Bf6 12. Be3 Re8 13. Qc2 g6 14. Rfd1 Qe7 15. Bg2 Rd8 16. Rac1 a4 17. h3 Bd7 18. Re1 Na5 19. Rcd1 Ra6 20. Bd2 c5 21. Nf4 Bxd4 22. Nd5 Qf8 23. Nc7 Ra7 24. Bg5 Rc8 25. Nb5 Bxb5 26. cxb5 Nb3 27. b6 Ra6 28. Bxb7 Rxb6 29. Bxc8 Qxc8 30. Qc4 Qa8 31. Rd3 e5 32. Rxe5 h6 33. Re7 Qf8 34. Rf3 1-0

[Event "Dresden zt"]
[Site "Dresden"]
[Date "1998.??.??"]
[Round "8"]
[White "Zelcic, Robert"]
[Black "Jussupow, Artur"]
[Result "1-0"]
[WhiteElo "2540"]
[BlackElo "2630"]
[PlyCount "79"]
[EventDate "1998.04.28"]
[Source "ChessBase"]
[SourceDate "1998.08.06"]

1. e4 e6 2. d4 d5 3. Nc3 Bb4 4. Nge2 dxe4 5. a3 Be7 6. Nxe4 Nf6 7. N2g3 Nc6 8. c3 e5 9. Nxf6+ Bxf6 10. d5 Ne7 11. c4 Ng6 12. Bd3 O-O 13. Qc2 c6 14. dxc6 bxc6 15. O-O a5 16. Be4 Qc7 17. Be3 a4 18. Bc5 Re8 19. Rfd1 Bd7 20. Ne2 Be7 21. Bxe7 Rxe7 22. Nc3 Qa7 23. Rd6 Nf8 24. Rad1 Ne6 25. Nb5 Qb7 26. Bxh7+ Kf8 27. Bf5 cxb5 28. Be4 Qc7 29. Bxa8 Nd4 30. Qh7 Re8 31. c5 Be6 32. Qh8+ Ke7 33. Qxg7 Qxc5 34. Ra6 Rd8 35. Qg5+ Ke8 36. Kh1 Qc2 37. Bf3 Qc5 38. Bh5 Kd7 39. Rc1 Bc4 40. Bxf7 1-0

[Event "It (Men) Montreal CAN"]
[Site "?"]
[Date "2005.08.08"]
[Round "6"]
[White "Nataf Igor Alexandre"]
[Black "Shipov Sergei"]
[Result "0-1"]
[WhiteElo "2583"]
[BlackElo "2582"]
[PlyCount "78"]
[EventDate "2005.??.??"]
[Source "www.chesslib.no"]
[SourceDate "2004.05.04"]

1. e4 e6 2. d4 d5 3. Nc3 Bb4 4. Nge2 dxe4 5. a3 Be7 6. g4 e5 7. h3 exd4 8. Qxd4 Nc6 9. Qxd8+ Bxd8 10. Bf4 h5 11. g5 Nge7 12. Ng3 Ng6 13. Be3 Nce7 14. Ngxe4 O-O 15. O-O-O Nf5 16. Bc5 Re8 17. Bc4 Be6 18. Bxe6 Rxe6 19. Rd5 Nfe7 20. Rd2 c6 21. Rd7 b6 22. Rhd1 Nd5 23. Nxd5 Rxe4 24. Rxd8+ Rxd8 25. Nf6+ gxf6 26. Rxd8+ Kh7 27. Be3 fxg5 28. Bxg5 Nf4 29. f3 Rd4 30. Ra8 Nxh3 31. Be3 Rd7 32. Rc8 f6 33. Rxc6 Kg6 34. Rc4 Ng5 35. Rf4 Rh7 36. Bd4 f5 37. Be3 h4 38. Rc4 h3 39. Rc6+ Kh5 0-1

[Event "Bar"]
[Site "Bar"]
[Date "1997.11.28"]
[Round "10"]
[White "Andersson, Ulf"]
[Black "Velimirovic, Dragoljub"]
[Result "1-0"]
[WhiteElo "2640"]
[BlackElo "2515"]
[PlyCount "23"]
[EventDate "1997.11.19"]
[Source "ChessBase"]
[SourceDate "1998.04.09"]

1. e4 e6 2. d4 d5 3. Nc3 Bb4 4. Nge2 dxe4 5. a3 Be7 6. Nxe4 Nc6 7. g3 Nf6 8. Bg2 e5 9. Nxf6+ Bxf6 10. d5 Ne7 11. Nc3 Bf5 12. g4 1-0

[Event "ESP Team Ch"]
[Site "Oropesa del Mar ESP"]
[Date "1996.??.??"]
[Round "8"]
[White "Campora, Daniel H"]
[Black "Gulko, Boris F"]
[Result "1/2-1/2"]
[WhiteElo "2540"]
[BlackElo "2615"]
[PlyCount "50"]
[EventDate "1996.??.??"]
[Source "www.chesslib.no"]
[SourceDate "2004.05.04"]

1. e4 e6 2. d4 d5 3. Nc3 Bb4 4. Nge2 dxe4 5. a3 Be7 6. Nxe4 Nf6 7. Qd3 O-O 8. Bf4 Nd5 9. Bg3 Nc6 10. c4 f5 11. Nd2 Nf6 12. O-O-O e5 13. d5 f4 14. Bh4 Ng4 15. h3 Nh6 16. Bxe7 Nxe7 17. Nc3 Bf5 18. Qe2 Ng6 19. g4 fxg3 20. fxg3 Qg5 21. g4 Nf4 22. Qh2 Bg6 23. Nde4 Qh4 24. Qg3 Qxg3 25. Nxg3 Nf7 1/2-1/2

[Event "EU-chT (Men)"]
[Site "Batumi"]
[Date "1999.11.30"]
[Round "2.3"]
[White "Zelcic, Robert"]
[Black "Psakhis, Lev"]
[Result "0-1"]
[WhiteElo "2561"]
[BlackElo "2581"]
[PlyCount "94"]
[EventDate "1999.11.06"]
[Source "ChessBase"]
[SourceDate "2000.02.01"]

1. e4 e6 2. d4 d5 3. Nc3 Bb4 4. Nge2 dxe4 5. a3 Bxc3+ 6. Nxc3 Nc6 7. d5 exd5 8. Qxd5 Nge7 9. Qxd8+ Nxd8 10. Nxe4 Bf5 11. Bd3 Ne6 12. Bd2 O-O-O 13. O-O-O Nd4 14. Kb1 Nec6 15. f4 Rhe8 16. Rde1 Re7 17. Re3 Rde8 18. Rhe1 Bg6 19. Nf2 Bxd3 20. Nxd3 Rxe3 21. Rxe3 Rxe3 22. Bxe3 Nf5 23. Bf2 h5 24. Kc1 b6 25. Kd2 Kd7 26. Ke2 Ke6 27. h3 Kd5 28. c3 Ke4 29. g3 h4 30. gxh4 Nce7 31. Bg1 Ng3+ 32. Kd2 Nef5 33. Bf2 Nh5 34. Ne5 f6 35. Nc6 a5 36. c4 Nxf4 37. Kc3 Nxh3 38. Be1 Nf4 39. b4 axb4+ 40. Nxb4 c5 41. Na6 Nd3 42. Bd2 Nxh4 43. Nc7 Ne5 44. a4 Nd7 45. Ne8 Nf5 46. Kb3 Kd3 47. Bc3 Ne5 0-1

[Event "BL 0607 SV Wattenscheid - SC Remagen"]
[Site "Germania"]
[Date "2007.04.01"]
[Round "15.1"]
[White "Bauer, Christian"]
[Black "Rustemov, Alexander"]
[Result "1/2-1/2"]
[WhiteElo "2589"]
[BlackElo "2552"]
[PlyCount "27"]
[EventDate "2006.10.28"]
[Source "www.chesslib.no"]
[SourceDate "2004.05.04"]

1. e4 e6 2. d4 d5 3. Nc3 Bb4 4. Nge2 dxe4 5. a3 Be7 6. Nxe4 Nf6 7. Qd3 Nxe4 8. Qxe4 Nd7 9. Bf4 Nf6 10. Qf3 Bd7 11. Be5 Bc6 12. Qg3 Qd7 13. Nc3 O-O-O 14. O-O-O 1/2-1/2

[Event "Foxwoods Open"]
[Site "Connecticut USA"]
[Date "2008.03.21"]
[Round "5"]
[White "Martinez, Marcel"]
[Black "Shulman, Yury"]
[Result "0-1"]
[WhiteElo "2471"]
[BlackElo "2664"]
[PlyCount "108"]
[EventDate "2008.03.19"]
[Source "www.chesslib.no"]
[SourceDate "2004.05.04"]

1. e4 e6 2. d4 d5 3. Nc3 Bb4 4. Nge2 Nf6 5. e5 Ne4 6. a3 Nxc3 7. Nxc3 Bxc3+ 8. bxc3 O-O 9. Bd3 f5 10. O-O c5 11. dxc5 Nd7 12. Qe1 Nxc5 13. a4 Rf7 14. Qe3 Rc7 15. Qd4 Bd7 16. Be3 Rac8 17. Qb4 a5 18. Qxa5 Nxd3 19. cxd3 Rxc3 20. Qb4 Rxd3 21. Qxb7 d4 22. Bf4 Bc6 23. Qa6 Rc3 24. a5 Ra8 25. Qb6 Qxb6 26. axb6 Rxa1 27. Rxa1 Rb3 28. f3 Rxb6 29. Rd1 Rb4 30. Bd2 Rb3 31. Bf4 d3 32. Kf2 h6 33. h4 Bb5 34. Rd2 Kf7 35. h5 Bc4 36. Ra2 Rb7 37. Ra1 Rb2+ 38. Kg3 g5 39. hxg6+ Kxg6 40. Rd1 h5 41. Rd2 Rb1 42. Kf2 Kf7 43. Ke3 Bb5 44. Kf2 Ke7 45. Ra2 Kd7 46. Bd2 Kc6 47. Ra8 Rd1 48. Ra2 Bc4 49. Rb2 Kd5 50. Bf4 Kd4 51. Rd2 Rb1 52. Bg3 Kc3 53. Bf4 h4 54. Bg5 Rb2 0-1

[Event "Skopje MKD"]
[Site "Skopje MKD"]
[Date "1972.??.??"]
[Round "?"]
[White "Hort, Vlastimil"]
[Black "Uhlmann, Wolfgang"]
[Result "1/2-1/2"]
[WhiteElo "2600"]
[BlackElo "2530"]
[PlyCount "34"]
[EventDate "1972.??.??"]
[Source "www.chesslib.no"]
[SourceDate "2004.05.04"]

1. e4 e6 2. d4 d5 3. Nc3 Bb4 4. Nge2 dxe4 5. a3 Be7 6. Nxe4 Nf6 7. N2g3 Nc6 8. c3 e5 9. Nxf6+ Bxf6 10. d5 Ne7 11. Bc4 O-O 12. O-O Nf5 13. Nxf5 Bxf5 14. Be3 Bg5 15. Qh5 Bxe3 16. Qxf5 Bc5 17. Qxe5 Qh4 1/2-1/2

[Event "Manila"]
[Site "Manila"]
[Date "1974.??.??"]
[Round "7"]
[White "Gheorghiu, Florin"]
[Black "Gligoric, Svetozar"]
[Result "1/2-1/2"]
[WhiteElo "2540"]
[BlackElo "2585"]
[PlyCount "34"]
[EventDate "1974.??.??"]
[Source "ChessBase"]

1. e4 e6 2. d4 d5 3. Nc3 Bb4 4. Nge2 dxe4 5. a3 Bxc3+ 6. Nxc3 Nc6 7. Bb5 Nge7 8. Nxe4 e5 9. Bg5 Qxd4 10. Qxd4 exd4 11. Bxe7 Kxe7 12. O-O-O Rd8 13. Rhe1 Kf8 14. Bxc6 bxc6 15. c3 Bf5 16. cxd4 Bxe4 17. Rxe4 Rd5 1/2-1/2

[Event "Soviet Union"]
[Site "Soviet Union"]
[Date "1979.??.??"]
[Round "?"]
[White "Bronstein, David I"]
[Black "Vaganian, Rafael A"]
[Result "1-0"]
[WhiteElo "2555"]
[BlackElo "2570"]
[PlyCount "43"]
[EventDate "1979.??.??"]
[Source "www.chesslib.no"]
[SourceDate "2004.05.04"]

1. e4 e6 2. d4 d5 3. Nc3 Bb4 4. Nge2 dxe4 5. a3 Be7 6. Nxe4 Nf6 7. Qd3 Nc6 8. Bf4 b6 9. Nxf6+ Bxf6 10. Qg3 Qe7 11. O-O-O e5 12. dxe5 Bxe5 13. Nc3 O-O 14. Bc4 Bxf4+ 15. Qxf4 Qe5 16. Bxf7+ Kh8 17. Qxe5 Nxe5 18. Bb3 Ng4 19. Rd2 Bb7 20. f3 Nf6 21. Nb5 Rfc8 22. Be6 1-0

[Event "Moscow RUS"]
[Site "Moscow RUS"]
[Date "1988.??.??"]
[Round "?"]
[White "Gipslis, Aivars P"]
[Black "Jussupow, Artur M"]
[Result "0-1"]
[WhiteElo "2505"]
[BlackElo "2620"]
[PlyCount "102"]
[EventDate "1988.??.??"]
[Source "www.chesslib.no"]
[SourceDate "2004.05.04"]

1. e4 e6 2. d4 d5 3. Nc3 Bb4 4. Nge2 dxe4 5. a3 Be7 6. Nxe4 Nc6 7. Bf4 Nf6 8. Qd3 O-O 9. O-O-O Rb8 10. Nxf6+ Bxf6 11. Qg3 Bh4 12. Bxc7 Bxg3 13. Bxd8 Bxf2 14. Bc7 Be3+ 15. Kb1 Ra8 16. g3 Bg5 17. Bg2 Bf6 18. c3 Bd7 19. h4 Rac8 20. Bf4 Be7 21. Rhe1 Rfd8 22. Nc1 Kf8 23. Be4 h6 24. Nd3 b6 25. Rd2 Be8 26. Rf2 Kg8 27. Rh1 Na5 28. Ne5 Nc6 29. Nd3 Na5 30. g4 Bc6 31. Bxc6 Nxc6 32. g5 h5 33. g6 fxg6 34. Rg2 Kh7 35. Rhg1 Bxh4 36. Rxg6 Bf6 37. R6g2 Nxd4 38. cxd4 Rxd4 39. Rg3 Rcd8 40. Kc2 h4 41. Rh3 Rc4+ 42. Kb1 Rxd3 43. Rxd3 Rxf4 44. Rg2 Bd4 45. Rh3 Kh6 46. Kc2 g5 47. Kd3 Kh5 48. Rgh2 e5 49. Ke2 Bxb2 50. Rf3 Bd4 51. a4 g4 0-1

[Event "Monarch Assurance"]
[Site "Port Erin"]
[Date "2004.09.30"]
[Round "6.1"]
[White "Ghaem Maghami, Ehsan"]
[Black "Kortschnoj, Viktor"]
[Result "1/2-1/2"]
[WhiteElo "2552"]
[BlackElo "2568"]
[PlyCount "32"]
[EventDate "2004.09.25"]
[Source "Roberto Alvarez"]
[SourceDate "2004.10.05"]

1. e4 e6 2. d4 d5 3. Nc3 Bb4 4. Nge2 dxe4 5. a3 Be7 6. Nxe4 Nf6 7. Qd3 Nbd7 8. Bf4 O-O 9. O-O-O b6 10. N2c3 Bb7 11. Nxf6+ Nxf6 12. Be2 Nd5 13. Nxd5 Bxd5 14. Bf3 Bg5 15. Qe3 Bxf4 16. Qxf4 Bxf3 1/2-1/2

[Event "Munich"]
[Site "Munich"]
[Date "1990.??.??"]
[Round "?"]
[White "Hickl, Joerg"]
[Black "Jussupow, Artur"]
[Result "1/2-1/2"]
[WhiteElo "2500"]
[BlackElo "2615"]
[PlyCount "38"]
[EventDate "1990.04.??"]
[Source "ChessBase"]

1. e4 e6 2. d4 d5 3. Nc3 Bb4 4. Nge2 dxe4 5. a3 Be7 6. Nxe4 Nc6 7. c3 Nf6 8. N2g3 Nxe4 9. Nxe4 Qd5 10. Qf3 O-O 11. Bf4 Bd8 12. Bd3 Ne7 13. Nd2 Ng6 14. Bg3 f5 15. Qxd5 exd5 16. f4 c6 17. Nf3 Bc7 18. Ne5 Nxe5 19. dxe5 Bd8 1/2-1/2

[Event "Elista ol (Men)"]
[Site "Elista"]
[Date "1998.10.11"]
[Round "12"]
[White "Zelcic, Robert"]
[Black "Shulman, Yuri"]
[Result "1/2-1/2"]
[WhiteElo "2585"]
[BlackElo "2520"]
[PlyCount "236"]
[EventDate "1998.09.29"]
[Source "ChessBase"]
[SourceDate "1998.11.06"]

1. e4 e6 2. d4 d5 3. Nc3 Bb4 4. Nge2 Nf6 5. e5 Ne4 6. a3 Nxc3 7. bxc3 Be7 8. Nf4 c5 9. c4 g5 10. Nh5 cxd4 11. Qxd4 Nc6 12. Qd2 dxc4 13. Bxc4 Qxd2+ 14. Bxd2 Nxe5 15. Bc3 f6 16. Bb3 Kf7 17. f4 gxf4 18. Nxf4 Rg8 19. O-O Ng4 20. Kh1 a5 21. a4 Ra6 22. Rae1 Rg5 23. Nd3 Kg7 24. h3 Nh6 25. Bd2 Rg6 26. Nf4 Nf5 27. Nh5+ Kf8 28. Bc4 Rd6 29. Bd3 Bd7 30. g4 Bc6+ 31. Kh2 Nh4 32. Nf4 Nf3+ 33. Rxf3 Bxf3 34. Bxa5 Rg5 35. Bb4 Rc6 36. Nxe6+ Rxe6 37. Rxe6 Bxb4 38. Rxf6+ Ke7 39. Rxf3 Bd6+ 40. Kg2 h5 41. Bf5 hxg4 42. hxg4 b6 43. Re3+ Kd8 44. Re6 Kc7 45. Re8 Rg7 46. Kf3 Kc6 47. Ke4 Ra7 48. Rc8+ Bc7 49. g5 Rxa4+ 50. Ke3 Ra5 51. g6 Rxf5 52. g7 Re5+ 53. Kd3 Rd5+ 54. Kc3 Rc5+ 55. Kb2 Rb5+ 56. Kc1 Rg5 57. g8=Q Rxg8 58. Rxg8 b5 59. Kd2 Bd6 60. Rg6 Kd5 61. Kc3 Be7 62. Rh6 Bc5 63. Kd3 Ba3 64. Rh5+ Kc6 65. Rf5 Bc5 66. Ke4 Ba3 67. Rf6+ Kc5 68. Kd3 Kd5 69. Rb6 Kc5 70. Ra6 Bb2 71. Rg6 Kd5 72. Rg5+ Kc6 73. c3 Bc1 74. Rf5 Bb2 75. Rf6+ Kb7 76. Rf2 Ba3 77. Rf6 Bb2 78. Rg6 Kc7 79. Rg2 Ba3 80. Kd4 Kc6 81. Rg6+ Kb7 82. Rh6 Bf8 83. Rg6 Ba3 84. Rf6 Kc7 85. Ra6 Bf8 86. Ra8 Bg7+ 87. Kd3 Kb6 88. Re8 Kc5 89. Kc2 Bh6 90. Re5+ Kc4 91. Re4+ Kd5 92. Rd4+ Kc6 93. Re4 Bf8 94. Re6+ Kd5 95. Rb6 Kc5 96. Rf6 Be7 97. Re6 Bd6 98. Kd3 Kd5 99. Rh6 Bc5 100. Rh5+ Kc6 101. Ke4 Bb6 102. Rh6+ Kc5 103. Kd3 Bc7 104. Rh5+ Kc6 105. Kc2 Bd6 106. Kd3 Bc7 107. Rh6+ Kc5 108. Ra6 Kd5 109. Ra8 Bb6 110. Rc8 Bc5 111. Rb8 Kc6 112. Ke4 Bb6 113. Rc8+ Kd7 114. Ra8 Kd6 115. Ra2 Kc6 116. Ke5 Kc5 117. Ra8 Kc4 118. Rc8+ Kd3 1/2-1/2

[Event "Mitropa Cup"]
[Site "Baden"]
[Date "1999.04.07"]
[Round "6"]
[White "Zelcic, Robert"]
[Black "Kindermann, Stefan"]
[Result "1/2-1/2"]
[WhiteElo "2554"]
[BlackElo "2541"]
[PlyCount "98"]
[EventDate "1999.04.??"]
[Source "ChessBase"]
[SourceDate "1999.08.01"]

1. e4 e6 2. d4 d5 3. Nc3 Bb4 4. Nge2 Nc6 5. a3 Ba5 6. b4 Bb6 7. Bb2 Nf6 8. e5 Ng4 9. Na4 O-O 10. Ng3 Qh4 11. Nxb6 axb6 12. Be2 f5 13. exf6 Nxf6 14. O-O Bd7 15. Qd2 Ne7 16. Qc3 Rac8 17. a4 Ng6 18. Bc1 Nf4 19. Bxf4 Qxf4 20. a5 Qd6 21. a6 bxa6 22. Bxa6 Ra8 23. Be2 Rfc8 24. b5 c5 25. bxc6 Qxc6 26. Qxc6 Bxc6 27. Bd3 Kf7 28. Rfe1 Rxa1 29. Rxa1 Ra8 30. Rb1 Nd7 31. h4 h6 32. Ne2 Ra4 33. h5 Ke7 34. f3 Kd6 35. Kf2 Ra3 36. g4 Bb7 37. Nf4 Ba6 38. Bg6 Ra4 39. Be8 Rxd4 40. Bxd7 Rxf4 41. Bxe6 Kxe6 42. Rxb6+ Kf7 43. Rxa6 Rc4 44. Ra2 d4 45. f4 Rc3 46. g5 hxg5 47. fxg5 d3 48. Ra7+ Kg8 49. cxd3 Rxd3 1/2-1/2